[Event "AUT Bundesliga 2021-22"]
[Site "Graz"]
[Date "2022.03.26"]
[Round "8.8"]
[White "Doric, Darko"]
[Black "Rubil, Marko"]
[Result "1-0"]
[WhiteElo "2478"]
[BlackElo "2293"]
[Annotator "TA"]
[PlyCount "97"]
[EventDate "2021.01.17"]
[EventType "team-tourn"]
[EventCountry "AUT"]
[SourceTitle "playchess.com"]
[Source "ChessBase"]
[SourceQuality "1"]

{[%evp 15,97,29,40,34,41,49,57,46,88,45,52,14,60,17,48,35,40,26,42,35,29,56,30,61,64,6,25,15,20,0,89,72,81,53,71,14,66,8,22,0,19,22,29,0,0,-9,-7,-7,-7,-8,-8,-8,0,0,0,0,33,0,8,8,138,91,391,385,353,8,5261,465,1235,450,29974,29975,29975,29975,29974,29975,29973,29974,29971,29972,29971,5261,5261,5261]} 1. d4 f5 2. g3 Nf6 3. Bg2 g6 4. c4 Bg7 5. Nf3 O-O 6. O-O d6 7. Nc3 Qe8 8. d5 a5 {is now more promising than 8...Na6.} 9. Re1 {A87: Dutch Defence: Leningrad System: 5 Nf3.} Na6 10. Be3 h6 11. Bd4 {[#] White is slightly better.} Nc5 $146 (11... Qf7 $14) ({Predecessor:} 11... b6 12. Bxf6 Bxf6 13. e4 fxe4 14. Nd4 Qf7 15. Nxe4 Be5 16. f4 Bg4 17. Qd2 Bxd4+ 18. Qxd4 {1-0 (45) Semmelroth,H (2265)-Koch,H (2365) ICCF email 2019}) 12. Nb5 (12. Bxc5 $16 {Hoping for Bd4.} dxc5 13. Nb5) 12... Na6 $14 13. Bxf6 Bxf6 (13... Rxf6 $11 14. e4 fxe4) 14. Nfd4 (14. Qd2 $14) 14... Bg7 15. Qd2 Bd7 16. e4 f4 $1 17. gxf4 c6 18. Nc3 {aiming for e5.} Bxd4 19. Qxd4 Rxf4 20. Ne2 {White is more active.} (20. Qd2 $1 $14 Qf8 21. Na4) 20... Rh4 $11 21. f4 g5 22. Rf1 cxd5 (22... Qg6 $11 {keeps the balance.}) 23. Qxd5+ $16 Kh8 24. fxg5 Nc5 25. gxh6 ({White should try} 25. Rf7 $16 Rg4 26. gxh6) 25... Rxh6 (25... Qg6 $1 $11) 26. Qf7 (26. Ng3 $14) 26... e5 {White must now prevent ...Qd8.} 27. Rad1 Bg4 28. Qxe8+ $1 Rxe8 29. Rf2 Rg8 {[%cal Oc5e4]} 30. Rd2 {[#]} Nxe4 $1 31. Bxe4 Bxe2+ 32. Rg2 Bxc4 33. Bxb7 Bxa2 34. b4 $1 {[%cal Bb2b4,Bb4b5,Bb5b6][%mdl 32]} Rxg2+ 35. Kxg2 $11 {[%mdl 4096] Endgame KRB-KRB} Rh7 36. Bc6 Rc7 37. b5 Bc4 (37... Bg8 $11 {remains equal.}) 38. Rxd6 $16 {b6 is the strong threat.} a4 $2 {[%mdl 8192]} (38... Rc8 $16) 39. b6 $1 $18 {[%csl LRa4,LRc7]} Rg7+ (39... Rxc6 $2 40. b7 $1 {[%mdl 512]} Bd5+ 41. Rxd5 $18) 40. Kf2 $2 ({Better is} 40. Kh1 $18 Ba6 41. Bxa4) 40... Ba6 $2 {[%mdl 8192]} (40... a3 $11) 41. Bxa4 (41. Rd8+ $142 Rg8 42. Rxg8+ Kxg8 43. Bxa4) 41... Rg4 {[#]} (41... Rg8 $142 42. Bc6 Kg7) 42. Bc6 (42. Bb5 $142 $1 {[%mdl 512]}) 42... Rd4 (42... Rb4 $18 43. b7 Rb2+ 44. Kg3 Bxb7 45. Rd8+ Kg7) 43. Rxd4 exd4 {KB-KB} 44. Kf3 Kg7 45. Ke4 d3 46. Ke3 Kf6 {[#]} 47. Bb5 $1 {[%mdl 512]} Bb7 (47... d2 48. Kxd2) 48. Bxd3 {Intending Kd4 and mate.} Ke5 49. h4 {Weighted Error Value: White=0.60/Black=0.45} 1-0

[Event "AUT Bundesliga 2021-22"]
[Site "Graz"]
[Date "2022.03.26"]
[Round "8.9"]
[White "Vitouch, Anatol"]
[Black "Tica, Sven"]
[Result "1/2-1/2"]
[WhiteElo "2245"]
[BlackElo "2423"]
[Annotator "ChessBase"]
[PlyCount "85"]
[EventDate "2021.01.17"]
[EventType "team-tourn"]
[EventCountry "AUT"]
[SourceTitle "playchess.com"]
[Source "ChessBase"]
[SourceQuality "1"]
[TimeControl "40/5400+30:1800+30"]

1. c4 {[%emt 0:00:02]} e6 {[%emt 0:00:06]} 2. g3 {[%emt 0:00:06]} d5 {[%emt 0:00:06]} 3. Bg2 {[%emt 0:00:19]} Nf6 {[%emt 0:00:08]} 4. Nf3 {[%emt 0:00:08]} Be7 {[%emt 0:00:05]} 5. O-O {[%emt 0:00:08]} O-O {[%emt 0:00:04]} 6. d4 {[%emt 0:00:22]} c6 {[%emt 0:02:07]} 7. Nbd2 {[%emt 0:00:29]} b6 {[%emt 0:00:26]} 8. Qc2 {[%emt 0:00:10]} Bb7 {[%emt 0:02:12]} 9. e4 {[%emt 0:00:17]} dxc4 {[%emt 0:02:13]} 10. Nxc4 {[%emt 0:00:56]} Nbd7 {[%emt 0:00:45]} 11. e5 {[%emt 0:08:50]} Nd5 {[%emt 0:00:13]} 12. Qe4 {[%emt 0:01:14]} b5 {[%emt 0:07:47]} 13. Ne3 {[%emt 0:06:34]} c5 {[%emt 0:02:12]} 14. Qg4 {[%emt 0:03:22]} Kh8 {[%emt 0:14:49]} 15. Qh5 {[%emt 0:37:23]} Qe8 {[%emt 0:15:20]} 16. Nxd5 {[%emt 0:22:18]} Bxd5 {[%emt 0:00:09]} 17. dxc5 {[%emt 0:00:06]} Nxc5 {[%emt 0:17:20]} 18. Bg5 {[%emt 0:00:12]} Rd8 {[%emt 0:06:05]} 19. Rfd1 {[%emt 0:01:32]} Be4 {[%emt 0:04:51]} 20. Bxe7 {[%emt 0:05:36]} Qxe7 {[%emt 0:00:07]} 21. Nd4 {[%emt 0:00:31]} Bxg2 {[%emt 0:04:37]} 22. Kxg2 {[%emt 0:00:05]} Rd5 {[%emt 0:00:21]} 23. Qf3 {[%emt 0:02:35]} Qd7 {[%emt 0:01:43]} 24. b4 {[%emt 0:02:06]} Rxd4 {[%emt 0:05:50]} 25. bxc5 {[%emt 0:00:08]} Rd8 {[%emt 0:00:07]} 26. c6 {[%emt 0:01:11]} Qc7 {[%emt 0:00:36]} 27. Rxd4 {[%emt 0:01:19]} Rxd4 {[%emt 0:00:07]} 28. Rc1 {[%emt 0:01:06]} h6 {[%emt 0:01:23]} 29. Rc5 {[%emt 0:03:12]} a6 {[%emt 0:02:01]} 30. Qc3 {[%emt 0:00:55]} Rd8 {[%emt 0:01:46]} 31. f4 {[%emt 0:00:36]} g6 {[%emt 0:03:14]} 32. Qc2 {[%emt 0:00:24]} Kg7 {[%emt 0:00:21]} 33. Kh3 {[%emt 0:00:58]} Rd4 {[%emt 0:02:49]} 34. Qc3 {[%emt 0:00:32]} Rd8 {[%emt 0:00:15]} 35. Qc2 {[%emt 0:00:07]} Rd4 {[%emt 0:00:06]} 36. Qc3 {[%emt 0:00:09]} Rd8 {[%emt 0:00:05]} 37. Qa3 {[%emt 0:01:28]} Ra8 {[%emt 0:01:33]} 38. Qb4 {[%emt 0:00:28]} Rb8 {[%emt 0:00:45]} 39. Rc3 {[%emt 0:00:42]} Rd8 {[%emt 0:00:26]} 40. a4 {[%emt 0:00:00]} bxa4 {[%emt 0:00:00]} 41. Qxa4 {[%emt 0:02:00]} a5 {[%emt 0:03:52]} 42. Rc5 {[%emt 0:01:32]} Ra8 {[%emt 0:00:28]} 43. Qb5 {[%emt 0:08:08]} 1/2-1/2

[Event "AUT Bundesliga 2021-22"]
[Site "Graz"]
[Date "2022.03.26"]
[Round "8.10"]
[White "Deglmann, Ludwig"]
[Black "Lovrinovic, Christian"]
[Result "1/2-1/2"]
[WhiteElo "2248"]
[BlackElo "2117"]
[Annotator "ChessBase"]
[PlyCount "83"]
[EventDate "2021.01.17"]
[EventType "team-tourn"]
[EventCountry "AUT"]
[SourceTitle "playchess.com"]
[Source "ChessBase"]
[SourceQuality "1"]
[TimeControl "40/5400+30:1800+30"]

1. c4 {[%emt 0:00:30]} Nf6 {[%emt 0:00:07]} 2. g3 {[%emt 0:00:51]} g6 {[%emt 0:00:15]} 3. Bg2 {[%emt 0:00:05]} Bg7 {[%emt 0:00:00]} 4. Nc3 {[%emt 0:00:09]} d6 {[%emt 0:00:06]} 5. d3 {[%emt 0:00:37]} O-O {[%emt 0:00:12]} 6. Bg5 {[%emt 0:00:29]} h6 {[%emt 0:01:06]} 7. Bd2 {[%emt 0:03:45]} e5 {[%emt 0:04:45]} 8. e4 {[%emt 0:03:55]} c6 {[%emt 0:03:40]} 9. Nge2 {[%emt 0:00:12]} Be6 {[%emt 0:00:10]} 10. O-O {[%emt 0:04:43]} Na6 {[%emt 0:04:59]} 11. h3 {[%emt 0:17:36]} Qd7 {[%emt 0:09:46]} 12. Kh2 {[%emt 0:01:10]} d5 {[%emt 0:00:57]} 13. cxd5 {[%emt 0:01:04]} cxd5 {[%emt 0:00:32]} 14. d4 {[%emt 0:01:00]} Nxe4 {[%emt 0:02:09]} 15. Nxe4 {[%emt 0:02:01]} dxe4 {[%emt 0:00:19]} 16. dxe5 {[%emt 0:00:07]} Bc4 {[%emt 0:19:33]} 17. Rc1 {[%emt 0:09:59]} Bb5 {[%emt 0:02:30]} 18. Qe1 {[%emt 0:07:46]} Bxe5 {[%emt 0:07:56]} 19. Bxh6 {[%emt 0:00:49]} Rfe8 {[%emt 0:01:24]} 20. b3 {[%emt 0:06:21]} Rad8 {[%emt 0:24:00]} 21. Rh1 {[%emt 0:05:26]} Qe7 {[%emt 0:04:36]} 22. Nc3 {[%emt 0:04:09]} Bd3 {[%emt 0:00:32]} 23. Nxe4 {[%emt 0:06:27]} Bxe4 {[%emt 0:01:43]} 24. Qxe4 {[%emt 0:01:05]} Bxg3+ {[%emt 0:02:45]} 25. Kxg3 {[%emt 0:03:38]} Qxe4 {[%emt 0:00:10]} 26. Bxe4 {[%emt 0:00:08]} Rxe4 {[%emt 0:00:01]} 27. Be3 {[%emt 0:01:00]} b6 {[%emt 0:00:48]} 28. Rhd1 {[%emt 0:00:09]} Ree8 {[%emt 0:05:30]} 29. a3 {[%emt 0:03:03]} Nc5 {[%emt 0:00:28]} 30. Bxc5 {[%emt 0:08:29]} bxc5 {[%emt 0:00:01]} 31. Rxd8 {[%emt 0:00:17]} Rxd8 {[%emt 0:00:00]} 32. Rxc5 {[%emt 0:03:06]} Rd3+ {[%emt 0:00:07]} 33. f3 {[%emt 0:01:10]} Rxb3 {[%emt 0:00:01]} 34. Ra5 {[%emt 0:00:09]} Rb7 {[%emt 0:00:03]} 35. h4 {[%emt 0:01:40]} Kg7 {[%emt 0:00:26]} 36. h5 {[%emt 0:00:06]} gxh5 {[%emt 0:02:30]} 37. Rxh5 {[%emt 0:00:15]} Rb6 {[%emt 0:00:33]} 38. Ra5 {[%emt 0:01:01]} a6 {[%emt 0:00:04]} 39. Kf4 {[%emt 0:01:41]} Kf6 {[%emt 0:01:15]} 40. Ke4 {[%emt 0:00:00]} Rd6 {[%emt 0:00:00]} 41. Rh5 {[%emt 0:09:09]} Ke6 {[%emt 0:06:32]} 42. Ra5 1/2-1/2

[Event "AUT Bundesliga 2021-22"]
[Site "Graz"]
[Date "2022.03.26"]
[Round "8.11"]
[White "Prinzjakowitsch, Bernhard"]
[Black "de Francesco, Klaus"]
[Result "0-1"]
[WhiteElo "2091"]
[BlackElo "2177"]
[Annotator "NA"]
[PlyCount "48"]
[EventDate "2021.01.17"]
[EventType "team-tourn"]
[EventCountry "AUT"]
[SourceTitle "playchess.com"]
[Source "ChessBase"]
[SourceQuality "1"]
[TimeControl "40/5400+30:1800+30"]

1. e4 {[%emt 0:00:02]} e6 {[%emt 0:00:07]} 2. d4 {[%emt 0:00:06]} d5 {[%emt 0:00:07]} 3. Nc3 {[%emt 0:00:07]} Nf6 {[%emt 0:00:15]} 4. e5 {[%emt 0:00:09]} Nfd7 {[%emt 0:00:07]} 5. Nce2 {[%emt 0:00:46]} c5 {[%emt 0:00:22]} 6. c3 {[%emt 0:00:36]} Nc6 {[%emt 0:00:13]} 7. f4 {[%emt 0:00:22]} Qb6 {[%emt 0:00:46]} 8. Nf3 {[%emt 0:00:09]} f6 {[%emt 0:02:21]} 9. a3 {[%emt 0:01:25]} a5 {[%emt 0:01:52]} 10. Rb1 {[%emt 0:00:13]} cxd4 {[%emt 0:01:39]} 11. cxd4 {[%emt 0:00:09]} Be7 {[%emt 0:00:19]} 12. Nc3 {[%emt 0:01:08]} O-O {[%emt 0:00:47]} 13. Qd3 {[%emt 0:00:25]} fxe5 {[%emt 0:05:31]} 14. dxe5 {[%emt 0:00:30]} Nc5 {[%emt 0:01:59]} 15. Qc2 {[%emt 0:00:13]} Bd7 {[%emt 0:02:54]} 16. Be3 {[%emt 0:01:07]} d4 {[%emt 0:06:53]} 17. Nxd4 {[%emt 0:00:04]} Nxd4 {[%emt 0:00:11]} 18. Bxd4 {[%emt 0:00:04]} Rxf4 {[%emt 0:00:13]} 19. Be3 {[%emt 0:00:02]} Rf5 {[%emt 0:00:19]} 20. Bd4 {[%emt 0:01:43]} Qb3 {[%emt 0:04:16]} 21. Qd1 {[%emt 0:01:53]} Bc6 {[%emt 0:02:40]} 22. Qe2 {[%emt 0:05:17]} Rd8 {[%emt 0:05:46]} 23. Qe3 {[%emt 0:00:09]} Bh4+ {[%emt 0:02:31]} 24. g3 {[%emt 0:00:11]} Bg5 {[%emt 0:00:30]} 0-1

[Event "AUT Bundesliga 2021-22"]
[Site "Graz"]
[Date "2022.03.26"]
[Round "8.12"]
[White "Gerhold, Michael"]
[Black "Kosc, Renata"]
[Result "1-0"]
[WhiteElo "2167"]
[BlackElo "1974"]
[Annotator "ChessBase"]
[PlyCount "77"]
[EventDate "2021.01.17"]
[EventType "team-tourn"]
[EventCountry "AUT"]
[SourceTitle "playchess.com"]
[Source "ChessBase"]
[SourceQuality "1"]
[TimeControl "40/5400+30:1800+30"]

1. d4 {[%emt 0:00:09]} f5 {[%emt 0:00:06]} 2. Bg5 {[%emt 0:00:07]} g6 {[%emt 0:02:39]} 3. e3 {[%emt 0:01:07]} Bg7 {[%emt 0:00:30]} 4. Nc3 {[%emt 0:00:13]} Nf6 {[%emt 0:06:24]} 5. h4 {[%emt 0:02:41]} h6 {[%emt 0:27:24]} 6. Bxf6 {[%emt 0:03:12]} Bxf6 {[%emt 0:08:42]} 7. g4 {[%emt 0:00:33]} d5 {[%emt 0:00:49]} 8. Bd3 {[%emt 0:00:55]} e6 {[%emt 0:01:50]} 9. Nge2 {[%emt 0:21:29]} Qe7 {[%emt 0:16:49]} 10. h5 {[%emt 0:13:35]} g5 {[%emt 0:10:00]} 11. gxf5 {[%emt 0:00:25]} exf5 {[%emt 0:02:01]} 12. Nxd5 {[%emt 0:00:17]} Qd6 {[%emt 0:00:56]} 13. Nxf6+ {[%emt 0:05:27]} Qxf6 {[%emt 0:00:05]} 14. Qd2 {[%emt 0:06:55]} Nc6 {[%emt 0:01:02]} 15. O-O-O {[%emt 0:01:17]} Bd7 {[%emt 0:00:27]} 16. c3 {[%emt 0:05:40]} O-O-O {[%emt 0:00:10]} 17. Kb1 {[%emt 0:01:36]} Rhf8 {[%emt 0:00:16]} 18. Rde1 {[%emt 0:02:32]} Ne7 {[%emt 0:02:07]} 19. f3 {[%emt 0:01:58]} Kb8 {[%emt 0:03:22]} 20. Ng3 {[%emt 0:04:14]} Qd6 {[%emt 0:02:54]} 21. Rhg1 {[%emt 0:02:28]} c5 {[%emt 0:04:42]} 22. Qc2 {[%emt 0:03:28]} Rc8 {[%emt 0:01:30]} 23. Qf2 {[%emt 0:06:59]} b5 {[%emt 0:02:07]} 24. e4 {[%emt 0:06:01]} c4 {[%emt 0:00:21]} 25. e5 {[%emt 0:02:06]} Qb6 {[%emt 0:00:46]} 26. Bc2 {[%emt 0:01:02]} Nd5 {[%emt 0:00:07]} 27. Qd2 {[%emt 0:04:08]} a5 {[%emt 0:00:17]} 28. Ka1 {[%emt 0:00:33]} b4 {[%emt 0:00:14]} 29. Ne2 {[%emt 0:01:39]} Ka7 {[%emt 0:01:17]} 30. Bb1 {[%emt 0:01:15]} Rb8 {[%emt 0:00:17]} 31. Rc1 {[%emt 0:00:34]} Rfc8 {[%emt 0:01:01]} 32. f4 {[%emt 0:00:43]} g4 {[%emt 0:00:12]} 33. Ng3 {[%emt 0:00:15]} bxc3 {[%emt 0:03:34]} 34. bxc3 {[%emt 0:00:06]} a4 {[%emt 0:00:12]} 35. Bxf5 {[%emt 0:00:39]} Bxf5 {[%emt 0:00:15]} 36. Nxf5 {[%emt 0:00:04]} a3 {[%emt 0:00:32]} 37. Rb1 {[%emt 0:00:14]} Qa5 {[%emt 0:00:14]} 38. Nd6 {[%emt 0:00:57]} Nxc3 {[%emt 0:02:34]} 39. Nxc8+ {[%emt 0:00:40]} 1-0

[Event "AUT Bundesliga 2021-22"]
[Site "Graz"]
[Date "2022.03.26"]
[Round "8.14"]
[White "Kvetny, Mark"]
[Black "Predojevic, Borki"]
[Result "1/2-1/2"]
[WhiteElo "2417"]
[BlackElo "2585"]
[Annotator "TA"]
[PlyCount "64"]
[EventDate "2021.01.17"]
[EventType "team-tourn"]
[EventCountry "AUT"]
[SourceTitle "playchess.com"]
[Source "ChessBase"]
[SourceQuality "1"]

{[%evp 12,64,17,0,0,0,0,0,-10,-17,0,0,0,-1,0,2,4,2,5,-12,0,-18,-18,-18,-18,-20,-11,-21,-19,-33,-32,-30,-33,-33,-29,-33,-28,-41,-32,-33,-31,-34,-33,-35,-30,-25,-30,-39,-20,-36,0,-38,0,-41,0]} 1. Nf3 Nf6 2. c4 e6 3. b3 d5 4. Bb2 c5 5. e3 Nc6 6. cxd5 exd5 7. d4 cxd4 {A13: English Opening: 1...e6.} 8. Nxd4 Bb4+ 9. Bc3 $1 a5 {The position is equal.} 10. Bb5 {[#] Black must now prevent Bxb4.} Bd7 $146 ({Predecessor:} 10... Qb6 11. O-O O-O 12. Bxc6 bxc6 13. a3 Bd6 14. Nd2 Rb8 15. Qf3 Bg4 16. Nf5 Bxf3 17. Nxd6 {0-1 (32) Stork,O (2367)-Fridman,D (2619) Playchess.com INT 2020}) 11. O-O O-O 12. Bb2 Nxd4 13. Bxd7 Nxb3 14. Qxb3 {[#] Hoping for Bf5.} Nxd7 {[%cal Bf6d7,Bd7c5,Bc5a4][%mdl 32]} 15. a3 Be7 (15... Nc5 $2 16. Qd1 $18) 16. Qxd5 Nc5 17. Qa2 Na4 18. Bd4 b5 19. Qb3 Qd7 20. Rd1 {[%cal Od4g7]} Qc6 21. Nd2 Rfc8 22. Nf3 Nc5 23. Qb2 Ne6 24. Rac1 Qb7 25. Rb1 b4 26. axb4 axb4 27. h3 Qe4 {Strongly threatening ...Rc2.} 28. Rd2 {Prevents Rc2.} Bf8 29. Be5 Rd8 30. Bd4 Rdc8 31. Be5 Rd8 32. Bd4 Rdc8 {Weighted Error Value: White=0.04 (flawless) /Black=0.05 (flawless)} (32... Be7 $15) 1/2-1/2

[Event "AUT Bundesliga 2021-22"]
[Site "Graz"]
[Date "2022.03.26"]
[Round "8.15"]
[White "Handler, Lukas"]
[Black "Walter, Stefan"]
[Result "1/2-1/2"]
[WhiteElo "2436"]
[BlackElo "2380"]
[Annotator "ChessBase"]
[PlyCount "67"]
[EventDate "2021.01.17"]
[EventType "team-tourn"]
[EventCountry "AUT"]
[SourceTitle "playchess.com"]
[Source "ChessBase"]
[SourceQuality "1"]
[TimeControl "40/5400+30:1800+30"]

1. d4 {[%emt 0:00:03]} d5 {[%emt 0:00:13]} 2. c4 {[%emt 0:00:04]} e6 {[%emt 0:00:12]} 3. Nf3 {[%emt 0:00:07]} Nf6 {[%emt 0:00:25]} 4. g3 {[%emt 0:01:20]} Be7 {[%emt 0:00:30]} 5. Bg2 {[%emt 0:00:10]} O-O {[%emt 0:00:13]} 6. O-O {[%emt 0:00:09]} dxc4 {[%emt 0:00:23]} 7. Ne5 {[%emt 0:01:03]} c5 {[%emt 0:00:38]} 8. dxc5 {[%emt 0:01:59]} Qc7 {[%emt 0:00:41]} 9. Nxc4 {[%emt 0:01:15]} Rd8 {[%emt 0:00:38]} 10. Qc2 {[%emt 0:07:46]} Nc6 {[%emt 0:01:21]} 11. Nc3 {[%emt 0:10:39]} Nd4 {[%emt 0:07:04]} 12. Qb1 {[%emt 0:02:13]} Nd5 {[%emt 0:10:13]} 13. e3 {[%emt 0:19:39]} Nxc3 {[%emt 0:16:32]} 14. bxc3 {[%emt 0:00:09]} Ne2+ {[%emt 0:00:07]} 15. Kh1 {[%emt 0:00:12]} Nxc1 {[%emt 0:01:33]} 16. Qxc1 {[%emt 0:02:29]} Bxc5 {[%emt 0:09:04]} 17. Rb1 {[%emt 0:04:52]} Rb8 {[%emt 0:00:23]} 18. Rd1 {[%emt 0:03:06]} Bd7 {[%emt 0:02:42]} 19. Nd2 {[%emt 0:01:14]} b6 {[%emt 0:04:52]} 20. Nb3 {[%emt 0:01:16]} Be7 {[%emt 0:01:40]} 21. Qb2 {[%emt 0:02:07]} Rbc8 {[%emt 0:01:23]} 22. Rbc1 {[%emt 0:00:52]} Bf6 {[%emt 0:02:00]} 23. Qa3 {[%emt 0:07:33]} h5 {[%emt 0:10:08]} 24. h4 {[%emt 0:04:22]} Bc6 {[%emt 0:04:58]} 25. Rxd8+ {[%emt 0:04:03]} Rxd8 {[%emt 0:00:12]} 26. Qa6 {[%emt 0:06:06]} Rd7 {[%emt 0:08:28]} 27. Qe2 {[%emt 0:05:28]} g6 {[%emt 0:01:11]} 28. c4 {[%emt 0:04:10]} Ba4 {[%emt 0:03:34]} 29. Bf3 {[%emt 0:02:33]} Kg7 {[%emt 0:00:29]} 30. Kg2 {[%emt 0:00:13]} Bxb3 {[%emt 0:10:37]} 31. axb3 {[%emt 0:00:20]} Qd6 {[%emt 0:00:50]} 32. Rd1 {[%emt 0:01:24]} Qxd1 {[%emt 0:00:14]} 33. Qxd1 {[%emt 0:00:06]} Rxd1 {[%emt 0:00:06]} 34. Bxd1 {[%emt 0:00:04]} 1/2-1/2

[Event "AUT Bundesliga 2021-22"]
[Site "Graz"]
[Date "2022.03.26"]
[Round "8.16"]
[White "Richter, Nils"]
[Black "Buhmann, Rainer"]
[Result "1/2-1/2"]
[WhiteElo "2320"]
[BlackElo "2569"]
[Annotator "TA"]
[PlyCount "87"]
[EventDate "2021.01.17"]
[EventType "team-tourn"]
[EventCountry "AUT"]
[SourceTitle "playchess.com"]
[Source "ChessBase"]
[SourceQuality "1"]

{[%evp 11,87,39,25,45,55,27,54,54,46,15,21,8,43,43,38,43,43,47,52,20,29,31,30,20,53,1,15,22,14,14,37,36,50,37,102,33,37,0,0,0,6,0,6,6,10,0,0,0,0,0,0,0,67,71,66,61,140,120,125,120,165,137,227,210,236,224,277,129,127,118,708,75,75,74,75,67,78,0]} 1. d4 Nf6 2. c4 e6 3. g3 Bb4+ 4. Nd2 O-O 5. Bg2 d6 6. Ngf3 {[%cal Bg1f3,Bf3d2,Bd2b3,Bb3d4][%mdl 32]} Qe7 7. O-O {E11: Bogo-Indian.} Bxd2 8. Bxd2 a5 9. Qc2 {White is slightly better.} e5 {[#]} 10. Bc3 $146 {[%cal Rd4e5]} ({Predecessor:} 10. Rfd1 e4 11. Ng5 Bf5 12. f3 exf3 13. Qxf5 fxg2 14. Bc3 Qe3+ 15. Kxg2 Qxe2+ 16. Kh1 {0-1 (43) Aradhya,G (2198)-Terry,R (2504) Chess.com INT 2021}) 10... e4 11. Nd2 {[%cal Rd2e4]} Bf5 12. d5 Nbd7 13. Nb3 a4 14. Nd4 Bg6 15. Qc1 Rfe8 16. b3 Ne5 17. Qd2 Qd7 {[%cal Oe4e3]} 18. Qf4 (18. f4 $14 exf3 19. exf3) 18... c6 19. dxc6 bxc6 20. Rfd1 axb3 21. axb3 Rxa1 22. Bxa1 Qa7 {[#]} (22... e3 $14) 23. Bc3 (23. Nf5 $1 $16 {[%cal Rf5d6]} Bxf5 24. Bxe5 (24. Qxf5 Qb8 $14) 24... dxe5 25. Qxf5) 23... Qb6 $14 24. h3 d5 25. cxd5 Nxd5 26. Qc1 Nxc3 27. Qxc3 Rd8 {[#] Threatens to win with ...c5.} 28. Ra1 $1 {[%cal Od4e6]} c5 29. Nc2 Nc6 30. e3 h5 31. Bf1 {Prevents Rd3.} Qb8 ({Better is} 31... Rc8 $11) 32. Qxc5 Ne5 {[%cal Oh5h4]} 33. Nd4 Nf3+ (33... h4 $1 $14) 34. Nxf3 $16 exf3 35. b4 {[%cal Bb3b4,Bb4b5][%mdl 32]} Qb7 (35... Rc8 $16 {keeps fighting.} 36. Qa5 Kh7) 36. b5 $18 Rd5 (36... Kh7 $16 {was worth a try.} 37. Qc6 Be4) 37. Qc4 {Strongly threatening Ra6.} Rd2 38. Rc1 Qa7 39. Qc3 (39. Qc6 $18 {aiming for b6.} Qa3 40. g4 hxg4 41. hxg4) 39... Qa2 $16 {[#]} 40. Ra1 $1 Qb2 {[%mdl 8192]} (40... Qc2 $16 41. Qxc2 Rxc2) 41. Qxb2 $2 (41. Ra8+ $18 Kh7 42. Qc8) 41... Rxb2 42. Bc4 Be4 43. Rd1 Kf8 44. Bd5 {Weighted Error Value: White=0.34/Black=0.20 (precise)} (44. Rd4 $16 f5 45. g4) 1/2-1/2

[Event "AUT Bundesliga 2021-22"]
[Site "Graz"]
[Date "2022.03.26"]
[Round "8.17"]
[White "Halvax, Georg"]
[Black "Neyman, Igor"]
[Result "1-0"]
[WhiteElo "2405"]
[BlackElo "2325"]
[Annotator "ChessBase"]
[PlyCount "69"]
[EventDate "2021.01.17"]
[EventType "team-tourn"]
[EventCountry "AUT"]
[SourceTitle "playchess.com"]
[Source "ChessBase"]
[SourceQuality "1"]
[TimeControl "40/5400+30:1800+30"]

1. d4 {[%emt 0:00:05]} Nf6 {[%emt 0:00:27]} 2. c4 {[%emt 0:00:13]} e6 {[%emt 0:00:32]} 3. Nf3 {[%emt 0:00:18]} b6 {[%emt 0:01:16]} 4. g3 {[%emt 0:05:04]} Ba6 {[%emt 0:03:27]} 5. Qc2 {[%emt 0:00:11]} b5 {[%emt 0:02:25]} 6. cxb5 {[%emt 0:04:04]} Bxb5 {[%emt 0:00:17]} 7. Nc3 {[%emt 0:00:26]} Bc6 {[%emt 0:05:19]} 8. Bg2 {[%emt 0:04:02]} Bb4 {[%emt 0:02:26]} 9. Bg5 {[%emt 0:03:34]} Qc8 {[%emt 0:05:46]} 10. Bxf6 {[%emt 0:01:16]} gxf6 {[%emt 0:00:16]} 11. O-O {[%emt 0:00:14]} Bxc3 {[%emt 0:08:54]} 12. bxc3 {[%emt 0:01:15]} d5 {[%emt 0:05:58]} 13. Nd2 {[%emt 0:02:24]} Qa6 {[%emt 0:05:10]} 14. e4 {[%emt 0:02:52]} dxe4 {[%emt 0:04:21]} 15. Nxe4 {[%emt 0:00:49]} Nd7 {[%emt 0:02:20]} 16. c4 {[%emt 0:02:37]} Bxe4 {[%emt 0:11:07]} 17. Qxe4 {[%emt 0:12:02]} Rb8 {[%emt 0:04:29]} 18. d5 {[%emt 0:01:19]} O-O {[%emt 0:02:00]} 19. Rfe1 {[%emt 0:06:48]} Rfe8 {[%emt 0:04:49]} 20. Bh3 {[%emt 0:04:17]} Nf8 {[%emt 0:02:45]} 21. dxe6 {[%emt 0:02:14]} fxe6 {[%emt 0:01:45]} 22. Qh4 {[%emt 0:03:18]} Kg7 {[%emt 0:01:28]} 23. Qg4+ {[%emt 0:06:09]} Kf7 {[%emt 0:03:00]} 24. Qh5+ {[%emt 0:00:53]} Kg7 {[%emt 0:00:40]} 25. Rad1 {[%emt 0:08:20]} Rbd8 {[%emt 0:02:50]} 26. Rd4 {[%emt 0:11:57]} Rxd4 {[%emt 0:11:07]} 27. Qxe8 {[%emt 0:00:08]} e5 {[%emt 0:00:52]} 28. Qe7+ {[%emt 0:01:28]} Kg8 {[%emt 0:00:19]} 29. Qxc7 {[%emt 0:05:56]} Rxc4 {[%emt 0:01:06]} 30. Qe7 {[%emt 0:01:15]} Qb6 {[%emt 0:01:48]} 31. Bf5 {[%emt 0:02:50]} Rd4 {[%emt 0:02:24]} 32. Bc2 {[%emt 0:00:42]} Rd8 {[%emt 0:01:52]} 33. Rxe5 {[%emt 0:06:18]} Qd6 {[%emt 0:01:25]} 34. Bb3+ {[%emt 0:00:33]} Kh8 {[%emt 0:00:25]} 35. Qf7 {[%emt 0:00:26]} 1-0